Statistics for Seinfeld Trivia Quiz #2

Click here to take the quiz!

General Stats

  • This quiz has been taken 10,052 times
  • The average score is 14 of 20

Answer Stats

QuestionAnswer% Correct
What is Newman's job?Mailman
97%
What is Jerry's job?Comedian
97%
Jerry breaks up with a girlfriend for having what kind of hands?Man Hands
92%
What state do Jerry's parents live in?Florida
91%
What does George suffer from after swimming in cold water?Significant {Shrinkage}
88%
Jerry's "puffy" shirt makes him look like a what?Pirate
84%
What is the subject of Kramer's coffee table book?Coffee Tables
78%
Jerry makes out with his date during what depressing movie?Schindler's List
75%
What profession does George wish he had (and often lie about having)?Architect
73%
Fill in the blank: "The ____ store called, and they're running out of you"Jerk
71%
What can't Elaine spare?A Square
67%
What's the name of Jerry's uncle?Leo
66%
What did George do with the chip?Double-Dip
65%
What happens during Festivus?Airing of {Grievances}
64%
What's the name of Elaine's on-again, off-again boyfriendDavid {Puddy}
64%
What actor played Kramer?Michael Richards
63%
What's the term for a person who hates dentists?Anti-Dentite
61%
George eats a steak in an effort to acquire what nickname?T-Bone
46%
What actress played Sidra, whose breasts were real and spectacular?Teri Hatcher
46%
What Manhattan neighborhood does Jerry live in?Upper West Side
38%

Score Distribution

Percentile by Number Answered

Percent of People with Each Score

Your Score History

You have not taken this quiz